000 00771nam a2200193 4500
008 201207b ||||| |||| 00| 0 eng d
040 _bger
_cDE-2950
_erda
_aDE-2950
041 _ager
245 _aFriedrich August Ludwig von. d. Marwitz und das konservative Preußen /
_cDorothee von der Marwitz
264 _c2023
490 _aDie Mark Brandenburg
_vHeft 130: Konservative Mark
653 _aBrandenburg <Land>
653 _aMarwitz, Friedrich August Ludwig von der; Offizier, Generalleutnant, Politiker, Schriftsteller, 1777-1837
773 _dBerlin: Die Mark Brandenburg - Verlag für Regional- und Zeitgeschichte
_g(2023) Heft 130, S. 20-23: Abb.
_tDie Mark Brandenburg
942 _cA
999 _c373090
_d373090